[Event "Women's Speed Chess Q7"]
[Site "chess.com INT"]
[Date "2021.06.06"]
[Round "15"]
[White "Berend, Elvira"]
[Black "Zhou, Qiyu"]
[Result "1-0"]
[WhiteTitle "WGM"]
[BlackTitle "FM"]
[WhiteElo "2326"]
[BlackElo "2229"]
[WhiteFideId "4000510"]
[BlackFideId "505161"]
[EventDate "2021.06.06"]

1. e4 c5 2. Nf3 d6 3. d4 cxd4 4. Nxd4 Nf6 5. Nc3 Nc6 6. Bg5 e6 7. Qd2 a6 8.
O-O-O Bd7 9. Kb1 b5 10. f3 h6 11. Be3 Be7 12. g4 Qc7 13. h4 Ne5 14. Be2 Nc4 15.
Bxc4 Qxc4 16. g5 Ng8 17. g6 fxg6 18. Rhg1 g5 19. hxg5 h5 20. f4 b4 21. Nce2 a5
22. f5 e5 23. Ne6 Bxe6 24. fxe6 Qxe6 25. Qd3 Qd7 26. Ng3 g6 27. Qd5 Ra6 28. Rgf1
Qc6 29. Qf7+ Kd8 30. Qxg6 Kc7 31. Nf5 h4 32. Qg7 1-0

[Event "Women's Speed Chess Q7"]
[Site "chess.com INT"]
[Date "2021.06.06"]
[Round "15"]
[White "Kabanova, Ekaterina"]
[Black "Priyanka, K"]
[Result "1-0"]
[WhiteTitle "WFM"]
[BlackTitle "WIM"]
[WhiteElo "2138"]
[BlackElo "2218"]
[WhiteFideId "24112917"]
[BlackFideId "5082986"]
[EventDate "2021.06.06"]

1. c4 Nf6 2. e3 g6 3. a3 Bg7 4. Qc2 O-O 5. Nf3 c5 6. Be2 Nc6 7. O-O d6 8. d3 e5
9. Nbd2 Re8 10. Rb1 a5 11. b3 b6 12. h3 d5 13. cxd5 Nxd5 14. Bb2 Bb7 15. Rbc1
Rc8 16. Rfe1 f5 17. Qb1 Nf6 18. Nc4 e4 19. dxe4 fxe4 20. Red1 Qc7 21. Ng5 h6 22.
Bxf6 Bxf6 23. Nxe4 Bg7 24. Ned6 Ne5 25. Nxb7 Qxb7 26. Nd6 Qe7 27. Nxc8 Rxc8 28.
Bc4+ Nxc4 29. bxc4 Kh7 30. Qxb6 Rf8 31. Rc2 Qf7 32. Qxc5 1-0

[Event "Women's Speed Chess Q7"]
[Site "chess.com INT"]
[Date "2021.06.06"]
[Round "15"]
[White "Kanyamarala, Trisha"]
[Black "Vine, Elzbieta"]
[Result "1-0"]
[WhiteTitle "WIM"]
[BlackTitle "WFM"]
[WhiteElo "2180"]
[BlackElo "2138"]
[WhiteFideId "45004722"]
[BlackFideId "1119320"]
[EventDate "2021.06.06"]

1. d4 Nf6 2. c4 c6 3. Nc3 g6 4. d5 d6 5. e4 Bg7 6. Nf3 Bg4 7. Be2 Qc7 8. O-O
Nbd7 9. h3 Bxf3 10. Bxf3 Ne5 11. Be2 cxd5 12. cxd5 Rc8 13. Nb5 Qb8 14. Be3 a6
15. Nc3 b5 16. f3 Nc4 17. Bxc4 Rxc4 18. Rb1 O-O 19. Ne2 Rfc8 20. Nd4 Nd7 21. Nc6
Qc7 22. Nxe7+ Kf8 23. Nxc8 Qxc8 24. Qd2 Ne5 25. Rfc1 Rxc1+ 26. Rxc1 Nc4 27. b3
Nxd2 28. Rxc8+ Ke7 29. Bxd2 1-0

[Event "Women's Speed Chess Q7"]
[Site "chess.com INT"]
[Date "2021.06.06"]
[Round "15"]
[White "Zhuravleva, Olga"]
[Black "Obregon Garcia, Roxangel"]
[Result "1-0"]
[WhiteTitle "WIM"]
[BlackTitle "WIM"]
[WhiteElo "2278"]
[BlackElo "2167"]
[WhiteFideId "4145933"]
[BlackFideId "3520420"]
[EventDate "2021.06.06"]

1. e4 c5 2. Nf3 Nc6 3. Nc3 d6 4. d4 cxd4 5. Nxd4 Nf6 6. Nb3 e6 7. Bd3 Be7 8. O-O
a6 9. Kh1 O-O 10. f4 Qc7 11. Qf3 b5 12. a3 Bd7 13. Bd2 b4 14. axb4 Nxb4 15. Nd4
Nxd3 16. cxd3 e5 17. Nf5 Bxf5 18. exf5 a5 19. Rae1 Rab8 20. Bc1 Rb4 21. h3 h6
22. fxe5 dxe5 23. Qg3 Bd6 24. Bxh6 Nh5 25. Qg5 Kh7 26. Qxh5 gxh6 27. Ne4 Be7 28.
f6 Bd6 29. Ng5+ Kg8 30. Qxh6 1-0

[Event "Women's Speed Chess Q7"]
[Site "chess.com INT"]
[Date "2021.06.06"]
[Round "15"]
[White "Selkirk, Rebecca"]
[Black "Corrales Jimenez, Zenia"]
[Result "0-1"]
[WhiteTitle "WCM"]
[BlackTitle "WIM"]
[WhiteElo "1799"]
[BlackElo "2189"]
[WhiteFideId "14306514"]
[BlackFideId "3506355"]
[EventDate "2021.06.06"]

1. e4 c5 2. c3 g6 3. d4 cxd4 4. cxd4 d5 5. exd5 Qxd5 6. Nc3 Qd8 7. Nf3 Bg7 8.
Bb5+ Bd7 9. Bxd7+ Nxd7 10. O-O Ngf6 11. Bg5 O-O 12. Re1 Nb6 13. Qe2 Re8 14. Rad1
Rc8 15. Ne4 Nxe4 16. Qxe4 Nd5 17. Bh4 Qa5 18. Ne5 Nf6 19. Qf3 Qxa2 20. Bxf6 exf6
21. Nd7 Rxe1+ 22. Rxe1 Qxb2 23. Nxf6+ Bxf6 24. Qxf6 Qb4 25. Qe5 a5 26. h3 a4 27.
Ra1 a3 28. Qd5 Qb2 29. Qa2 Rc1+ 30. Rxc1 Qxa2 31. Kh2 Qd5 32. Rc8+ Kg7 33. g3 a2
34. Ra8 Qb3 35. Kg2 Qb1 36. d5 a1=Q 37. Rxa1 Qxa1 0-1

[Event "Women's Speed Chess Q7"]
[Site "chess.com INT"]
[Date "2021.06.06"]
[Round "15"]
[White "Nguyen, Hong Ngoc"]
[Black "Belenkaya, Dina"]
[Result "1-0"]
[WhiteTitle "WCM"]
[BlackTitle "WGM"]
[WhiteElo "1957"]
[BlackElo "2341"]
[WhiteFideId "12403083"]
[BlackFideId "24142654"]
[EventDate "2021.06.06"]

1. e4 d5 2. exd5 Qxd5 3. d4 Nc6 4. c3 Bf5 5. Nf3 Nf6 6. Be2 e6 7. Bf4 Bd6 8.
Bxd6 Qxd6 9. Nbd2 O-O 10. Nc4 Qe7 11. O-O Rad8 12. Nce5 Nxe5 13. Nxe5 c5 14. Qa4
cxd4 15. cxd4 a6 16. Rfd1 Nd5 17. Bf3 h6 18. Qb3 Rd6 19. h3 Rc8 20. Rac1 Rdd8
21. Rxc8 Rxc8 22. Bxd5 Bc2 23. Qxb7 Rc7 24. Qa8+ Kh7 25. Be4+ f5 26. Bxc2 Rxc2
27. Qxa6 Rxb2 28. Nf3 Qd7 29. a4 Qd5 30. a5 Qe4 31. Qd3 Qc6 32. d5 Qc5 33. Rd2 1-0

[Event "Women's Speed Chess Q7"]
[Site "chess.com INT"]
[Date "2021.06.06"]
[Round "15"]
[White "Bodnaruk, Anastasia"]
[Black "Chu, Ruotong"]
[Result "1-0"]
[WhiteTitle "IM"]
[BlackTitle "WIM"]
[WhiteElo "2446"]
[BlackElo "2207"]
[WhiteFideId "4181751"]
[BlackFideId "8605653"]
[EventDate "2021.06.06"]

1. e4 c5 2. Nc3 e6 3. Nge2 Nc6 4. g3 Nf6 5. Bg2 Be7 6. O-O O-O 7. d4 cxd4 8.
Nxd4 Qc7 9. Ndb5 Qb8 10. Bf4 e5 11. Bg5 a6 12. Bxf6 Bxf6 13. Nd6 Nd4 14. Nf5
Nxf5 15. exf5 d6 16. Nd5 Bxf5 17. Qf3 Bxc2 18. Nxf6+ gxf6 19. Qxf6 Qd8 20. Qf3
Bg6 21. h4 Rb8 22. h5 Bc2 23. h6 Qg5 24. Rac1 Bg6 25. Qd5 Qxh6 26. Qxd6 Rfe8 27.
Rfe1 Qg7 28. Rc7 Re6 29. Qc5 b6 30. Qc3 1-0

[Event "Women's Speed Chess Q7"]
[Site "chess.com INT"]
[Date "2021.06.06"]
[Round "15"]
[White "Arpita, Mukherjee"]
[Black "Nikolova, Adriana"]
[Result "0-1"]
[WhiteTitle "WIM"]
[BlackTitle "WGM"]
[WhiteElo "2206"]
[BlackElo "2243"]
[WhiteFideId "5056403"]
[BlackFideId "2908689"]
[EventDate "2021.06.06"]

1. e4 c5 2. Nf3 Nc6 3. Bb5 d6 4. d4 cxd4 5. Qxd4 Bd7 6. Bxc6 Bxc6 7. c4 Nf6 8.
Nc3 g6 9. O-O Bg7 10. Bg5 O-O 11. Qd3 Ng4 12. Rac1 Re8 13. h3 Ne5 14. Nxe5 Bxe5
15. f4 Bg7 16. Nd5 Bxb2 17. Rb1 Bg7 18. Kh1 Bxd5 19. exd5 b6 20. Rfe1 Qc7 21.
Re4 Bf6 22. Bxf6 exf6 23. Rbe1 Rxe4 24. Rxe4 Rc8 25. Qe2 f5 26. Rd4 Qc5 27. Qd3
Qb4 28. Kh2 Qe1 29. Qf3 Qc1 30. Rd3 Qxc4 31. Re3 Kg7 32. h4 h5 33. Kg3 Qd4 34.
Qe2 Rc4 35. Kf3 Qxf4# 0-1

[Event "Women's Speed Chess Q7"]
[Site "chess.com INT"]
[Date "2021.06.06"]
[Round "15"]
[White "Pham, Le Thao Nguyen"]
[Black "Kashlinskaya, Alina"]
[Result "1-0"]
[WhiteTitle "IM"]
[BlackTitle "IM"]
[WhiteElo "2369"]
[BlackElo "2494"]
[WhiteFideId "12401226"]
[BlackFideId "4198026"]
[EventDate "2021.06.06"]

1. d4 d5 2. Nf3 e6 3. Bf4 c6 4. e3 Bd6 5. Bg3 Nf6 6. Nbd2 O-O 7. c3 b6 8. Bd3
Ba6 9. Qe2 Bxd3 10. Qxd3 c5 11. Ne5 Qc7 12. f4 Nc6 13. O-O Ne7 14. Bh4 Ne8 15.
Bxe7 Qxe7 16. Rae1 f6 17. Nef3 Rd8 18. Rf2 Bc7 19. g3 Nd6 20. Kg2 Nf5 21. e4
dxe4 22. Qxe4 Rfe8 23. dxc5 Qxc5 24. Nb3 Qd6 25. Nbd4 Nxd4 26. Nxd4 b5 27. Nxb5
Qb6 28. Nd4 e5 29. Nf5 exf4 30. Qc4+ Kh8 31. Qf7 Rg8 32. Re7 fxg3 33. hxg3 Qc6+
34. Kh2 Rd1 35. Rg2 Bxg3+ 36. Nxg3 1-0

[Event "Women's Speed Chess Q7"]
[Site "chess.com INT"]
[Date "2021.06.06"]
[Round "15"]
[White "Jakubowska, Anna"]
[Black "Golubenko, Valentina"]
[Result "1-0"]
[WhiteTitle "WIM"]
[BlackTitle "WGM"]
[WhiteElo "2073"]
[BlackElo "2209"]
[WhiteFideId "1121952"]
[BlackFideId "4501993"]
[EventDate "2021.06.06"]

1. e4 e6 2. d4 d5 3. Nd2 c5 4. exd5 exd5 5. Ngf3 Nf6 6. Bb5+ Bd7 7. Qe2+ Be7 8.
dxc5 O-O 9. O-O Bxc5 10. Nb3 Bd6 11. Bg5 Nc6 12. Rad1 a6 13. Qd2 axb5 14. Bxf6
Qxf6 15. Qxd5 Bxh2+ 16. Nxh2 Be6 17. Qxb5 Qe7 18. Nf3 Rxa2 19. Nbd4 Nxd4 20.
Nxd4 Bg4 21. f3 Qe3+ 22. Kh2 Qh6+ 23. Kg3 Be6 24. Nxe6 fxe6 25. Rfe1 Qf4+ 26.
Kf2 Qf6 27. Qb3 Rxb2 28. Qxe6+ Qxe6 29. Rxe6 Rxc2+ 30. Kg3 h6 31. Rb1 Rb8 32.
Rbb6 Rc7 33. Red6 Kf7 34. Kf4 Ke7 35. Rg6 Kf7 36. g4 Re7 37. Rgd6 Rbe8 38. Kg3
g5 39. Rxh6 Rc7 40. Rh7+ Kf8 41. Rxc7 Re7 42. Rxe7 Kxe7 43. Rxb7+ 1-0

[Event "Women's Speed Chess Q7"]
[Site "chess.com INT"]
[Date "2021.06.06"]
[Round "15"]
[White "Zaksaite, Salomeja"]
[Black "Ortez, Andrea"]
[Result "1-0"]
[WhiteTitle "WIM"]
[BlackTitle "WIM"]
[WhiteElo "2202"]
[BlackElo "1969"]
[WhiteFideId "12801496"]
[BlackFideId "6702392"]
[EventDate "2021.06.06"]

1. e4 c5 2. Nf3 Nc6 3. Bb5 g6 4. O-O Bg7 5. Re1 e6 6. c3 Nge7 7. d4 cxd4 8. Nxd4
a6 9. Bc4 O-O 10. Be3 d5 11. exd5 Nxd5 12. Nxc6 bxc6 13. Bd4 Qc7 14. Bxg7 Kxg7
15. Nd2 Rb8 16. Bb3 c5 17. Nc4 Bb7 18. Ne5 Nb6 19. Qg4 c4 20. Bc2 Bd5 21. Qh4
Nd7 22. Ng4 h5 23. Ne3 Nb6 24. Rad1 Ba8 25. Qd4+ Kg8 26. f3 Qb7 27. Nxc4 Nxc4
28. Qxc4 Qxb2 29. Bb3 Qa3 30. Rxe6 fxe6 31. Qxe6+ Kh7 32. Rd7+ Kh8 33. Qe5+ 1-0

[Event "Women's Speed Chess Q7"]
[Site "chess.com INT"]
[Date "2021.06.06"]
[Round "15"]
[White "Sviridova, Vlada"]
[Black "Zawadzka, Jolanta"]
[Result "0-1"]
[WhiteTitle "WFM"]
[BlackTitle "WGM"]
[WhiteElo "2144"]
[BlackElo "2403"]
[WhiteFideId "24109606"]
[BlackFideId "1122320"]
[EventDate "2021.06.06"]

1. d4 d5 2. c4 e6 3. Nf3 Nf6 4. Nc3 Bb4 5. Bg5 h6 6. Bxf6 Qxf6 7. e3 O-O 8. Rc1
Nc6 9. Bd3 dxc4 10. Bxc4 a6 11. O-O b5 12. Bd3 Bb7 13. Ne4 Qe7 14. a3 Bd6 15.
Nc5 Bxc5 16. Rxc5 Rac8 17. Qc2 Nb8 18. Ne5 Rfd8 19. f4 Qd6 20. Bh7+ Kf8 21. Bd3
Nd7 22. Rc3 c5 23. Nxd7+ Rxd7 24. dxc5 Qc6 25. e4 Rcd8 26. b4 Rd4 27. Re1 e5 28.
f5 Qc7 29. h3 Bc6 30. Kh2 Qd7 31. Re3 Qe7 32. Rg3 Qh4 33. Rg4 Qe1 34. Rg3 f6 35.
Re3 Qxe3 36. Bxb5 Qf4+ 37. Rg3 axb5 38. Qb3 Qxe4 39. Qe6 Qd5 0-1

[Event "Women's Speed Chess Q7"]
[Site "chess.com INT"]
[Date "2021.06.06"]
[Round "15"]
[White "Avramidou, Anastasia"]
[Black "Morris-Suzuki, Sophie"]
[Result "0-1"]
[WhiteTitle "FM"]
[BlackTitle "WFM"]
[WhiteElo "2238"]
[BlackElo "2043"]
[WhiteFideId "4239873"]
[BlackFideId "30922615"]
[EventDate "2021.06.06"]

1. d4 d5 2. c4 dxc4 3. e3 Nf6 4. Bxc4 a6 5. Nf3 b5 6. Bb3 Bb7 7. Nc3 e6 8. O-O
Nbd7 9. Re1 c5 10. d5 exd5 11. Nxd5 c4 12. Nxf6+ Nxf6 13. Bc2 Be7 14. a4 O-O 15.
axb5 axb5 16. Rxa8 Qxa8 17. Qe2 Rd8 18. e4 Bb4 19. Rd1 Rxd1+ 20. Qxd1 Nxe4 21.
Be3 h6 22. h3 Nf6 23. Bd4 Be7 24. Bc3 Nd5 25. Bd4 Bf6 26. Bxf6 Nxf6 27. Qe2 Bxf3
28. gxf3 Qd5 29. Kh2 Qd6+ 30. Kg1 g6 31. Qe3 Kg7 32. b3 Kh7 33. bxc4 bxc4 34.
Qc3 Qf4 35. Qe3 Qh4 36. f4 Nd5 37. Qe4 Nxf4 0-1

[Event "Women's Speed Chess Q7"]
[Site "chess.com INT"]
[Date "2021.06.06"]
[Round "15"]
[White "Bommini, Mounika Akshaya"]
[Black "Kulkarni, Bhakti"]
[Result "0-1"]
[WhiteTitle "WFM"]
[BlackTitle "IM"]
[WhiteElo "2029"]
[BlackElo "2391"]
[WhiteFideId "25019872"]
[BlackFideId "5019516"]
[EventDate "2021.06.06"]

1. f4 f5 2. Nf3 Nf6 3. e3 g6 4. d4 Bg7 5. c3 O-O 6. Bd3 b6 7. O-O Bb7 8. Nbd2
Kh8 9. Qe1 e6 10. e4 fxe4 11. Nxe4 Nxe4 12. Bxe4 Bxe4 13. Qxe4 Nc6 14. Bd2 Qe7
15. Rae1 Rf5 16. c4 Raf8 17. g3 Qd6 18. Bc3 a5 19. a3 Kg8 20. Rf2 b5 21. c5 Qd5
22. Ne5 Qxe4 23. Rxe4 Nxe5 24. dxe5 g5 25. Rd2 gxf4 26. gxf4 R8f7 27. Kg2 Bh6
28. Red4 Bxf4 29. Rxd7 Bxd2 30. Rxd2 Rg5+ 31. Kh3 Kg7 32. Bxa5 Kg6 33. Rg2 Rxg2
34. Kxg2 Kf5 35. Bc3 Ke4 36. Kg3 c6 37. b4 Rf3+ 38. Kh4 Rxc3 39. Kg5 Rxa3 40.
Kf6 Kd5 41. Ke7 Rh3 0-1

[Event "Women's Speed Chess Q7"]
[Site "chess.com INT"]
[Date "2021.06.06"]
[Round "15"]
[White "Gaponenko, Inna"]
[Black "Ambartsumova, Karina"]
[Result "1-0"]
[WhiteTitle "IM"]
[BlackTitle "IM"]
[WhiteElo "2357"]
[BlackElo "2382"]
[WhiteFideId "14101181"]
[BlackFideId "4166299"]
[EventDate "2021.06.06"]

1. e4 c5 2. c3 Nf6 3. e5 Nd5 4. Bc4 e6 5. Nf3 d6 6. d4 Be7 7. O-O O-O 8. Qe2 Nc6
9. Rd1 cxd4 10. cxd4 a6 11. Bd2 Bd7 12. Nc3 Ncb4 13. Ne4 dxe5 14. dxe5 b5 15.
Bb3 Rc8 16. Rac1 Qb6 17. a3 Nc6 18. Bxd5 exd5 19. Nd6 Bxd6 20. exd6 Rfe8 21. Qd3
d4 22. Ng5 g6 23. Bf4 Bf5 24. Qf3 Ne5 25. Qd5 Rxc1 26. Rxc1 Qa7 27. Bxe5 Qd7 28.
Qxd4 h6 29. Nf3 Qe6 30. h3 h5 31. Bh8 f6 32. Bxf6 Qf7 33. Be5 Qe6 34. Rd1 Be4
35. d7 Rd8 36. Bc7 Bxf3 37. gxf3 Qxh3 38. Bxd8 Qxf3 39. Bf6 1-0

[Event "Women's Speed Chess Q7"]
[Site "chess.com INT"]
[Date "2021.06.06"]
[Round "15"]
[White "Zakirova, Aisha"]
[Black "Mkrtchian, Lilit"]
[Result "1-0"]
[WhiteTitle "WCM"]
[BlackTitle "IM"]
[WhiteElo "1585"]
[BlackElo "2388"]
[WhiteFideId "13719734"]
[BlackFideId "13300601"]
[EventDate "2021.06.06"]

1. d4 Nf6 2. c4 c6 3. Nc3 d5 4. Nf3 dxc4 5. a4 Bf5 6. Ne5 Nbd7 7. Nxc4 Qc7 8.
Qd2 g6 9. f3 e5 10. e4 exd4 11. Qxd4 Bc5 12. Qd1 Be6 13. Ne3 O-O-O 14. Qc2 Ne5
15. Be2 Qb6 16. Ncd1 Bb3 17. Qb1 Qb4+ 18. Nc3 Qb6 19. Ncd1 Rd7 20. a5 Qb4+ 21.
Nc3 Rhd8 22. a6 b5 23. f4 Nc4 24. Bxc4 bxc4 25. O-O Qb6 26. Re1 Rd3 27. e5 Ng4
28. Kh1 Bxe3 29. Bxe3 Rxe3 30. Rf1 Rxc3 31. bxc3 Nf2+ 32. Rxf2 Qxf2 33. Qe4 Kc7
34. e6 Qd2 35. h3 1-0

[Event "Women's Speed Chess Q7"]
[Site "chess.com INT"]
[Date "2021.06.06"]
[Round "15"]
[White "Tania, Sachdev"]
[Black "Cori T., Deysi"]
[Result "1-0"]
[WhiteTitle "IM"]
[BlackTitle "WGM"]
[WhiteElo "2392"]
[BlackElo "2388"]
[WhiteFideId "5007844"]
[BlackFideId "3801934"]
[EventDate "2021.06.06"]

1. d4 g6 2. c4 Bg7 3. Nc3 d6 4. e4 Nf6 5. f3 O-O 6. Nge2 a6 7. Ng3 c5 8. d5 e6
9. a4 Re8 10. Be2 exd5 11. cxd5 Nbd7 12. O-O c4 13. Bxc4 h5 14. Be3 Ne5 15. Be2
h4 16. Nh1 Bd7 17. h3 Rc8 18. Bd4 Nh5 19. f4 Nc4 20. Bxh5 Nxb2 21. Qd2 Nc4 22.
Qf2 Bxd4 23. Qxd4 gxh5 24. Rab1 Qc7 25. Nf2 Na5 26. Rfc1 Qc4 27. Qf6 Nb3 28. Rc2
Nd4 29. Rd2 Qxc3 30. Rxd4 Rc4 31. Qg5+ Kf8 32. Qh6+ Ke7 33. Rxc4 Qxc4 34. Qxh5
Rg8 35. Qxh4+ Ke8 36. Rxb7 Qc1+ 37. Kh2 Qc8 38. Rb3 Bxa4 39. Rb4 Bd7 40. e5 1-0

[Event "Women's Speed Chess Q7"]
[Site "chess.com INT"]
[Date "2021.06.06"]
[Round "15"]
[White "Frayna, Janelle Mae"]
[Black "Batsiashvili, Nino"]
[Result "1-0"]
[WhiteTitle "WGM"]
[BlackTitle "GM"]
[WhiteElo "2179"]
[BlackElo "2491"]
[WhiteFideId "5212499"]
[BlackFideId "13602993"]
[EventDate "2021.06.06"]

1. e4 c6 2. d4 d5 3. Nd2 dxe4 4. Nxe4 Nf6 5. Nxf6+ exf6 6. c3 Bd6 7. Bd3 O-O 8.
Qc2 Re8+ 9. Ne2 h5 10. Be3 Nd7 11. O-O-O Nb6 12. Ng3 Nd5 13. Bd2 Nf4 14. Bh7+
Kh8 15. Bf5 Qa5 16. Kb1 h4 17. Bxc8 Raxc8 18. Nf5 Bc7 19. c4 Qb6 20. Bxf4 Bxf4
21. Nxh4 Rcd8 22. g3 Bb8 23. Nf5 g6 24. c5 Qb4 25. a3 Qb5 26. Ne3 Kg7 27. h4 Rh8
28. g4 Bf4 29. h5 Bxe3 30. fxe3 Rde8 31. hxg6 fxg6 32. e4 b6 33. cxb6 Qxb6 34.
d5 Rxh1 35. Rxh1 cxd5 36. exd5 Qd6 37. Rd1 Re5 38. Qc6 Qxc6 39. dxc6 Rc5 40. Rc1 1-0

[Event "Women's Speed Chess Q7"]
[Site "chess.com INT"]
[Date "2021.06.06"]
[Round "15"]
[White "Petrova, Irina"]
[Black "Balabayeva, Xeniya"]
[Result "0-1"]
[WhiteTitle "WIM"]
[BlackTitle "WFM"]
[WhiteElo "2110"]
[BlackElo "2116"]
[WhiteFideId "14124122"]
[BlackFideId "13719688"]
[EventDate "2021.06.06"]

1. e4 c6 2. d4 d5 3. e5 c5 4. dxc5 Nc6 5. Bb5 e6 6. Nf3 Bxc5 7. O-O Ne7 8. a3
O-O 9. b4 Bb6 10. Bb2 Qc7 11. Nbd2 Ng6 12. Re1 Bd7 13. Bd3 Nce7 14. c4 a6 15.
Rc1 Qd8 16. cxd5 Nxd5 17. Ne4 Bc7 18. Bb1 Bc6 19. h4 Nxh4 20. Neg5 Ng6 21. Qc2
Rc8 22. Nd4 Qxg5 23. Nxc6 bxc6 24. Qe4 Bb6 25. Rf1 Ndf4 26. Kh2 Rfd8 27. Rfd1
Nd5 28. g3 Bxf2 29. Rd3 Be3 30. Rxe3 Qxe3 31. Qg4 Qd2+ 32. Kh1 Qxb2 33. Rf1 Ne3
34. Qf3 Nxf1 35. Qxf1 Rd2 36. Kg1 Rcd8 37. Be4 Rd1 38. Bxg6 Rxf1+ 39. Kxf1 Rd1# 0-1

[Event "Women's Speed Chess Q7"]
[Site "chess.com INT"]
[Date "2021.06.06"]
[Round "15"]
[White "Von Herman, Brigitte"]
[Black "Ziegenfuss, Antonia"]
[Result "0-1"]
[WhiteTitle "WFM"]
[BlackTitle "WFM"]
[WhiteElo "1991"]
[BlackElo "2157"]
[WhiteFideId "4628730"]
[BlackFideId "12962554"]
[EventDate "2021.06.06"]

1. e4 c5 2. c3 Nf6 3. e5 Nd5 4. d4 cxd4 5. Nf3 e6 6. cxd4 b6 7. Bc4 Bb4+ 8. Nbd2
Ba6 9. Bxa6 Nxa6 10. O-O O-O 11. Qa4 Nac7 12. Ne4 f5 13. exf6 gxf6 14. a3 Be7
15. Bh6 Rf7 16. Rac1 Kh8 17. b4 Bf8 18. Bd2 Rg7 19. Kh1 Rg8 20. Qc2 Be7 21. Qd3
Qf8 22. Ng3 Qg7 23. Ng1 f5 24. Qf3 Raf8 25. Nh5 Qg6 26. Ng3 f4 27. Ne4 Rf5 28.
Nh3 Rh5 29. Rg1 Rf8 30. Rce1 Qf7 31. Bc1 d6 32. Neg5 Bxg5 33. Nxg5 Rxg5 34. h3
Qh5 35. Qxh5 Rxh5 0-1

[Event "Women's Speed Chess Q7"]
[Site "chess.com INT"]
[Date "2021.06.06"]
[Round "15"]
[White "Cyfka, Karina"]
[Black "Shuvalova, Polina"]
[Result "0-1"]
[WhiteTitle "IM"]
[BlackTitle "IM"]
[WhiteElo "2417"]
[BlackElo "2489"]
[WhiteFideId "1122681"]
[BlackFideId "24171760"]
[EventDate "2021.06.06"]

1. d4 Nf6 2. c4 e6 3. Nf3 d5 4. Nc3 dxc4 5. e3 a6 6. Bxc4 b5 7. Bb3 Bb7 8. O-O
Nbd7 9. Qe2 c5 10. Rd1 Qb6 11. d5 exd5 12. Nxd5 Nxd5 13. Bxd5 Bxd5 14. Rxd5 Be7
15. e4 Nf6 16. Re5 Nd7 17. Rd5 Rd8 18. Bf4 O-O 19. Rad1 Nf6 20. Rxd8 Rxd8 21.
Rxd8+ Qxd8 22. h3 c4 23. e5 Nd5 24. Bg3 Nb4 25. a3 Qd3 26. Qe1 Nc6 27. e6 f6 28.
Nh4 g6 29. Nf3 Kg7 30. Kh2 Qd5 31. Qe2 Qd3 32. Qe1 Nd4 33. Nxd4 Qxd4 34. Qe2 Qd5
35. f4 f5 36. Qe3 Bc5 37. Qe5+ Qxe5 38. fxe5 g5 39. Be1 Kf8 40. Bd2 h6 41. h4
Ke7 42. hxg5 hxg5 43. Bxg5+ Kxe6 44. Bf6 Bd4 45. Kg3 Bxb2 46. Kf4 c3 47. Ke3 c2
48. Kd2 c1=Q+ 0-1

[Event "Women's Speed Chess Q7"]
[Site "chess.com INT"]
[Date "2021.06.06"]
[Round "15"]
[White "Grigoryan, Meri"]
[Black "Nanditha, V"]
[Result "0-1"]
[WhiteTitle "WFM"]
[BlackTitle "WCM"]
[WhiteElo "2044"]
[BlackElo "1666"]
[WhiteFideId "13300571"]
[BlackFideId "46626697"]
[EventDate "2021.06.06"]

1. d4 d5 2. Bf4 Nf6 3. e3 e6 4. Nf3 c5 5. c3 Bd6 6. Bxd6 Qxd6 7. dxc5 Qxc5 8.
Nbd2 O-O 9. Bd3 Nc6 10. O-O e5 11. e4 Bg4 12. h3 Bh5 13. exd5 Qxd5 14. Be2 Rad8
15. Nb3 Qe6 16. Qe1 a5 17. Nc5 Qe7 18. Nb3 a4 19. Nbd2 e4 20. Nh2 Bg6 21. Ng4
Ne5 22. Nxf6+ Qxf6 23. Rd1 Nd3 24. Bxd3 exd3 25. Nf3 Rfe8 26. Qd2 Re2 27. Qg5
Qxg5 28. Nxg5 f6 29. Nf3 Rxb2 30. a3 Rc2 31. Rfe1 Rxc3 32. Re7 Rb3 33. Rc7 Rxa3
34. Kf1 Rb3 35. Ke1 a3 36. Nd2 Re8+ 37. Kf1 Rb2 38. Nc4 Rc2 39. f4 b5 40. Nxa3
Rxc7 41. Nxb5 Rd7 42. g4 d2 43. f5 Bf7 44. Nc3 Bc4+ 45. Kf2 Rd3 46. Nb1 Ra8 47.
Nxd2 Ra2 48. Ke2 Rdxd2+ 49. Ke3 Rxd1 0-1

[Event "Women's Speed Chess Q7"]
[Site "chess.com INT"]
[Date "2021.06.06"]
[Round "15"]
[White "Kazarian, Anna-Maja"]
[Black "Dauletova, Gulmira"]
[Result "1-0"]
[WhiteTitle "FM"]
[BlackTitle "WGM"]
[WhiteElo "2096"]
[BlackElo "2257"]
[WhiteFideId "1033689"]
[BlackFideId "13702971"]
[EventDate "2021.06.06"]

1. e4 e5 2. Nf3 Nc6 3. Bb5 a6 4. Ba4 Nf6 5. d3 b5 6. Bb3 Be7 7. O-O O-O 8. c3 d6
9. Nbd2 Na5 10. Bc2 c5 11. Re1 Nc6 12. Nf1 Re8 13. h3 Bf8 14. g4 d5 15. Ng3 dxe4
16. dxe4 Qxd1 17. Rxd1 Be6 18. g5 Nd7 19. Nf5 g6 20. Nd6 Red8 21. a4 b4 22. Be3
Rab8 23. Kg2 b3 24. Bb1 Nb6 25. Bxc5 Nc4 26. Bd3 Nxd6 27. Bxd6 Bxd6 28. Bxa6 Na5
29. Bb5 Bc7 30. Ne1 Bc4 31. Nd3 Kf8 32. Nc5 Ke7 33. Na6 Rbc8 34. Rxd8 Bxd8 35.
Bxc4 Rxc4 36. Kf3 Bb6 37. Nb4 Rc8 38. Nd5+ Kd6 39. Nxb6 Rb8 40. Nd5 Nc4 41. Nb4
Nxb2 42. Rb1 Nc4 43. Ke2 b2 44. Kd3 1-0

[Event "Women's Speed Chess Q7"]
[Site "chess.com INT"]
[Date "2021.06.06"]
[Round "15"]
[White "Fernandez, Maria Florencia"]
[Black "Semenova, Elena1"]
[Result "0-1"]
[WhiteTitle "WIM"]
[BlackTitle "WIM"]
[WhiteElo "2229"]
[BlackElo "2246"]
[WhiteFideId "116459"]
[BlackFideId "24125148"]
[EventDate "2021.06.06"]

1. d4 f5 2. c4 Nf6 3. Nc3 g6 4. Nf3 Bg7 5. Bf4 d6 6. e3 O-O 7. h4 h6 8. Qb3 Kh8
9. Be2 Qe8 10. O-O-O Nc6 11. h5 e5 12. Bh2 g5 13. c5 a5 14. Bb5 Bd7 15. dxe5
dxe5 16. Bxc6 Bxc6 17. Nxe5 Bxg2 18. Ng6+ Kh7 19. Nxf8+ Qxf8 20. Rhg1 Bf3 21.
Rd2 Qxc5 22. Kb1 Re8 23. Qf7 Qe7 24. Qg6+ Kg8 25. Qxf5 Bxh5 26. Rc1 Qf7 27. Qxa5
Bg6+ 28. Ka1 b6 29. Qb4 Ng4 30. Qxg4 Ra8 31. Qb4 Bxc3 32. Rd8+ Rxd8 33. Qxc3 Ra8
34. a3 Qe6 35. Qxc7 Bf7 36. Kb1 Bg6+ 37. Ka1 Bf7 38. Kb1 Qa2+ 39. Kc2 Bb3+ 40.
Kd2 Qxb2+ 41. Ke1 Rf8 42. Kf1 Qxf2# 0-1